000
00296nam a2200121 a 4500
008
100924s1976|||| d
245
1
0
_a
Spomienky matky
100
1
_a
Fornalska, Marcjanna
260
_b
Slovenský spisovateľ
_a
Bratislava
_c
1976
020
_c
35
044
_a
xo
_c
SK
041
_a
slo
999
_c
10684
_d
10684